00149nam a2200073Ia 4500008004100000082000800041100001500049245001100064240331s9999 xx 000 0 und d bSOU aGaur,N. ed 0aSouth